<?xml version="1.0" encoding="UTF-8"?>
<collection xmlns="http://www.loc.gov/MARC21/slim">
 <record>
  <leader>03071cam a2200697 i 4500</leader>
  <controlfield tag="001">000717283</controlfield>
  <controlfield tag="003">OCoLC</controlfield>
  <controlfield tag="005">20240810002254.0</controlfield>
  <controlfield tag="005">20210326072623.8</controlfield>
  <controlfield tag="006">m        d</controlfield>
  <controlfield tag="007">cr |||||||||||</controlfield>
  <controlfield tag="008">140410s2015    njua    o     001 0 eng</controlfield>
  <datafield tag="STA" ind1=" " ind2=" ">
   <subfield code="a">NEZPRACOVANÝ IMPORT</subfield>
  </datafield>
  <datafield tag="010" ind1=" " ind2=" ">
   <subfield code="a">  2014014356</subfield>
  </datafield>
  <datafield tag="020" ind1=" " ind2=" ">
   <subfield code="a">9781118918661</subfield>
   <subfield code="q">electronic book</subfield>
  </datafield>
  <datafield tag="020" ind1=" " ind2=" ">
   <subfield code="a">1118918665</subfield>
   <subfield code="q">electronic book</subfield>
  </datafield>
  <datafield tag="020" ind1=" " ind2=" ">
   <subfield code="z">9781118808566</subfield>
   <subfield code="q">paperback</subfield>
  </datafield>
  <datafield tag="035" ind1=" " ind2=" ">
   <subfield code="a">1639192</subfield>
   <subfield code="b">(N$T)</subfield>
  </datafield>
  <datafield tag="035" ind1=" " ind2=" ">
   <subfield code="a">(OCoLC)876466887</subfield>
   <subfield code="z">(OCoLC)1007073958</subfield>
   <subfield code="z">(OCoLC)1027164600</subfield>
  </datafield>
  <datafield tag="042" ind1=" " ind2=" ">
   <subfield code="a">pcc</subfield>
  </datafield>
  <datafield tag="050" ind1="1" ind2="4">
   <subfield code="a">HB139</subfield>
   <subfield code="b">.E55 2015</subfield>
  </datafield>
  <datafield tag="072" ind1=" " ind2="7">
   <subfield code="a">BUS</subfield>
   <subfield code="x">021000</subfield>
   <subfield code="2">bisacsh</subfield>
  </datafield>
  <datafield tag="082" ind1="0" ind2="0">
   <subfield code="a">330.01/519233</subfield>
   <subfield code="2">23</subfield>
  </datafield>
  <datafield tag="100" ind1="1" ind2=" ">
   <subfield code="a">Enders, Walter,</subfield>
   <subfield code="d">1948-</subfield>
  </datafield>
  <datafield tag="245" ind1="1" ind2="0">
   <subfield code="a">Applied econometric time series /</subfield>
   <subfield code="c">Walter Enders, University of Alabama.</subfield>
  </datafield>
  <datafield tag="250" ind1=" " ind2=" ">
   <subfield code="a">Fourth edition.</subfield>
  </datafield>
  <datafield tag="264" ind1=" " ind2="1">
   <subfield code="a">Hoboken, NJ :</subfield>
   <subfield code="b">John Wiley and Sons, Inc.,</subfield>
   <subfield code="c">[2015]</subfield>
  </datafield>
  <datafield tag="300" ind1=" " ind2=" ">
   <subfield code="a">1 online resource (x, 485 pages) :</subfield>
   <subfield code="b">illustrations</subfield>
  </datafield>
  <datafield tag="336" ind1=" " ind2=" ">
   <subfield code="a">text</subfield>
   <subfield code="b">txt</subfield>
   <subfield code="2">rdacontent</subfield>
  </datafield>
  <datafield tag="337" ind1=" " ind2=" ">
   <subfield code="a">computer</subfield>
   <subfield code="b">c</subfield>
   <subfield code="2">rdamedia</subfield>
  </datafield>
  <datafield tag="338" ind1=" " ind2=" ">
   <subfield code="a">online resource</subfield>
   <subfield code="b">cr</subfield>
   <subfield code="2">rdacarrier</subfield>
  </datafield>
  <datafield tag="500" ind1=" " ind2=" ">
   <subfield code="a">Includes index.</subfield>
  </datafield>
  <datafield tag="505" ind1="0" ind2=" ">
   <subfield code="a">Difference equations -- Stationary time-series models -- Modeling volatility -- Models with trend -- Multiequation time-series models -- Cointegration and error-correction models -- Nonlinear models and breaks.</subfield>
  </datafield>
  <datafield tag="520" ind1=" " ind2=" ">
   <subfield code="a">Applied Econometric Time Series, 4th Edition demonstrates modern techniques for developing models capable of forecasting, interpreting, and testing hypotheses concerning economic data. In this text, Dr. Walter Enders commits to using a &quot;learn-by-doing&quot; approach to help readers master time-series analysis efficiently and effectively.</subfield>
  </datafield>
  <datafield tag="588" ind1=" " ind2=" ">
   <subfield code="a">Description based on online resource; title from digital title page (viewed on March 25, 2021).</subfield>
  </datafield>
  <datafield tag="590" ind1=" " ind2=" ">
   <subfield code="a">Master record variable field(s) change: 050</subfield>
  </datafield>
  <datafield tag="650" ind1=" " ind2="0">
   <subfield code="a">Econometrics.</subfield>
  </datafield>
  <datafield tag="650" ind1=" " ind2="0">
   <subfield code="a">Time-series analysis.</subfield>
  </datafield>
  <datafield tag="650" ind1=" " ind2="7">
   <subfield code="a">BUSINESS &amp; ECONOMICS</subfield>
   <subfield code="x">Econometrics.</subfield>
   <subfield code="2">bisacsh</subfield>
  </datafield>
  <datafield tag="650" ind1=" " ind2="7">
   <subfield code="a">Econometrics.</subfield>
   <subfield code="2">fast</subfield>
   <subfield code="0">(OCoLC)fst00901574</subfield>
  </datafield>
  <datafield tag="650" ind1=" " ind2="7">
   <subfield code="a">Time-series analysis.</subfield>
   <subfield code="2">fast</subfield>
   <subfield code="0">(OCoLC)fst01151190</subfield>
  </datafield>
  <datafield tag="650" ind1=" " ind2="7">
   <subfield code="a">Ökonometrie</subfield>
   <subfield code="2">gnd</subfield>
  </datafield>
  <datafield tag="650" ind1=" " ind2="7">
   <subfield code="a">Statistik</subfield>
   <subfield code="2">gnd</subfield>
  </datafield>
  <datafield tag="650" ind1=" " ind2="7">
   <subfield code="a">Zeitreihe</subfield>
   <subfield code="2">gnd</subfield>
  </datafield>
  <datafield tag="650" ind1=" " ind2="7">
   <subfield code="a">Zeitreihenanalyse</subfield>
   <subfield code="2">gnd</subfield>
  </datafield>
  <datafield tag="655" ind1=" " ind2="7">
   <subfield code="a">elektronické knihy</subfield>
   <subfield code="7">fd186907</subfield>
   <subfield code="2">czenas</subfield>
  </datafield>
  <datafield tag="655" ind1=" " ind2="9">
   <subfield code="a">electronic books</subfield>
   <subfield code="2">eczenas</subfield>
  </datafield>
  <datafield tag="776" ind1="0" ind2="8">
   <subfield code="i">Print version:</subfield>
   <subfield code="a">Enders, Walter, 1948-</subfield>
   <subfield code="t">Applied econometric time series.</subfield>
   <subfield code="b">Fourth edition.</subfield>
   <subfield code="d">Hoboken, NJ : John Wiley and Sons, Inc., [2015]</subfield>
   <subfield code="z">9781118808566</subfield>
   <subfield code="w">(DLC)  2014013428</subfield>
  </datafield>
  <datafield tag="856" ind1="4" ind2="0">
   <subfield code="3">EBSCOhost</subfield>
   <subfield code="u">https://zdroje.vse.cz/login?url=https://search.ebscohost.com/login.aspx?direct=true&amp;scope=site&amp;db=nlebk&amp;db=nlabk&amp;AN=1639192</subfield>
   <subfield code="y">Plný text</subfield>
  </datafield>
  <datafield tag="BAS" ind1=" " ind2=" ">
   <subfield code="a">HBR</subfield>
  </datafield>
  <datafield tag="BAS" ind1=" " ind2=" ">
   <subfield code="a">EB</subfield>
  </datafield>
  <datafield tag="BAS" ind1=" " ind2=" ">
   <subfield code="a">PhDinfra</subfield>
  </datafield>
  <datafield tag="LKR" ind1=" " ind2=" ">
   <subfield code="a">PAR</subfield>
   <subfield code="b">000297222</subfield>
   <subfield code="l">UEP01</subfield>
   <subfield code="r">776</subfield>
   <subfield code="m">E-book</subfield>
   <subfield code="n">Tištěná verze</subfield>
  </datafield>
  <datafield tag="993" ind1=" " ind2=" ">
   <subfield code="x">NEPOSILAT</subfield>
   <subfield code="y">EB</subfield>
  </datafield>
  <datafield tag="019" ind1=" " ind2=" ">
   <subfield code="a">1007073958</subfield>
   <subfield code="a">1027164600</subfield>
  </datafield>
  <datafield tag="049" ind1=" " ind2=" ">
   <subfield code="a">MAIN</subfield>
  </datafield>
  <datafield tag="938" ind1=" " ind2=" ">
   <subfield code="a">EBSCOhost</subfield>
   <subfield code="b">EBSC</subfield>
   <subfield code="n">1639192</subfield>
  </datafield>
  <datafield tag="938" ind1=" " ind2=" ">
   <subfield code="a">YBP Library Services</subfield>
   <subfield code="b">YANK</subfield>
   <subfield code="n">14914604</subfield>
  </datafield>
  <datafield tag="994" ind1=" " ind2=" ">
   <subfield code="a">92</subfield>
   <subfield code="b">N$T</subfield>
  </datafield>
 </record>
</collection>
